Làm giàu từ mạng xã hội = Profiting from social networking

সংরক্ষণ করুন:
গ্রন্থ-পঞ্জীর বিবরন
প্রধান লেখক: Rutledge, Patrice-Anne
বিন্যাস: গ্রন্থ
ভাষা:Undetermined
প্রকাশিত: Hà Nội Lao động Xã hội 2012
বিষয়গুলি:
ট্যাগগুলো: ট্যাগ যুক্ত করুন
কোনো ট্যাগ নেই, প্রথমজন হিসাবে ট্যাগ করুন!
Thư viện lưu trữ: Trung tâm Học liệu Trường Đại học Cần Thơ
LEADER 00901nam a2200217Ia 4500
001 CTU_180871
008 210402s9999 xx 000 0 und d
020 |c 69000 
082 |a 303.4833 
082 |b R981 
100 |a Rutledge, Patrice-Anne 
245 0 |a Làm giàu từ mạng xã hội = 
245 0 |b Profiting from social networking 
245 0 |c Patrice-Anne Rutledge ; Ngô Lan Hương (dịch) 
260 |a Hà Nội 
260 |b Lao động Xã hội 
260 |c 2012 
650 |a Online social networks,Social networks,Information society,Mạng xã hội trực tuyến,Mạng xã hội,Xã hội thông tin 
650 |x Economic aspects,Computer network resources,Economic aspects,Khía cạnh kinh tế,Nguồn mạng máy tính,Khía cạnh kinh tế 
904 |i Năm 
980 |a Trung tâm Học liệu Trường Đại học Cần Thơ